Microsoft SharePoint 2010 : business connectivity services (Record no. 11665)
[ view plain ]
| 000 -LEADER | |
|---|---|
| fixed length control field | 01322cam a22003737a 4500 |
| 001 - CONTROL NUMBER | |
| control field | 17437428 |
| 005 - DATE AND TIME OF LATEST TRANSACTION | |
| control field | 20170105102345.0 |
| 008 - FIXED-LENGTH DATA ELEMENTS--GENERAL INFORMATION | |
| fixed length control field | 120821s2012 caua 001 0 eng d |
| 010 ## - LIBRARY OF CONGRESS CONTROL NUMBER | |
| LC control number | 2012405913 |
| 016 7# - NATIONAL BIBLIOGRAPHIC AGENCY CONTROL NUMBER | |
| Record control number | 015959366 |
| Source | Uk |
| 020 ## - INTERNATIONAL STANDARD BOOK NUMBER | |
| International Standard Book Number | 9780735660182 (pbk.) |
| 020 ## - INTERNATIONAL STANDARD BOOK NUMBER | |
| International Standard Book Number | 0735660182 (pbk.) |
| 035 ## - SYSTEM CONTROL NUMBER | |
| System control number | (OCoLC)ocn719428330 |
| 040 ## - CATALOGING SOURCE | |
| Original cataloging agency | BTCTA |
| Language of cataloging | eng |
| Transcribing agency | BTCTA |
| Modifying agency | UKMGB |
| -- | BDX |
| -- | YDXCP |
| -- | CXP |
| -- | BWX |
| -- | COO |
| -- | CDX |
| -- | DLC |
| 042 ## - AUTHENTICATION CODE | |
| Authentication code | lccopycat |
| 050 00 - LIBRARY OF CONGRESS CALL NUMBER | |
| Classification number | TK5105.875.I6 |
| Item number | C668 2012 |
| 082 00 - DEWEY DECIMAL CLASSIFICATION NUMBER | |
| Classification number | 004.682 COV |
| Edition number | 23 |
| 100 1# - MAIN ENTRY--PERSONAL NAME | |
| Personal name | Coventry, Penelope. |
| 245 10 - TITLE STATEMENT | |
| Title | Microsoft SharePoint 2010 : business connectivity services |
| Remainder of title | business connectivity services |
| Statement of responsibility, etc. | Penelope Coventry, Brett Lonsdale, Phill Duffy. |
| 246 3# - VARYING FORM OF TITLE | |
| Title proper/short title | Microsoft SharePoint two thousand and ten |
| 246 3# - VARYING FORM OF TITLE | |
| Title proper/short title | Microsoft SharePoint two thousand ten |
| 246 30 - VARYING FORM OF TITLE | |
| Title proper/short title | SharePoint 2010 |
| 260 ## - PUBLICATION, DISTRIBUTION, ETC. | |
| Place of publication, distribution, etc. | Sebastopol, CA : |
| Name of publisher, distributor, etc. | O'Reilly Media, |
| Date of publication, distribution, etc. | c2012. |
| 300 ## - PHYSICAL DESCRIPTION | |
| Extent | xx, 393 p. : |
| Other physical details | ill. ; |
| Dimensions | 23 cm. |
| 500 ## - GENERAL NOTE | |
| General note | Includes index. |
| 630 00 - SUBJECT ADDED ENTRY--UNIFORM TITLE | |
| Uniform title | Microsoft SharePoint (Electronic resource) |
| 650 #0 - SUBJECT ADDED ENTRY--TOPICAL TERM | |
| Topical term or geographic name entry element | Intranets (Computer networks) |
| 650 #0 - SUBJECT ADDED ENTRY--TOPICAL TERM | |
| Topical term or geographic name entry element | Web servers. |
| 700 1# - ADDED ENTRY--PERSONAL NAME | |
| Personal name | Lonsdale, Brett. |
| 700 1# - ADDED ENTRY--PERSONAL NAME | |
| Personal name | Duffy, Phill. |
| 906 ## - LOCAL DATA ELEMENT F, LDF (RLIN) | |
| a | 7 |
| b | cbc |
| c | copycat |
| d | 2 |
| e | ncip |
| f | 20 |
| g | y-gencatlg |
| 942 ## - ADDED ENTRY ELEMENTS (KOHA) | |
| Source of classification or shelving scheme | |
| Koha item type | Book |
| Withdrawn status | Lost status | Damaged status | Not for loan | Collection code | Permanent Location | Current Location | Shelving location | Date acquired | Source of acquisition | Cost, normal purchase price | Total Checkouts | Full call number | Barcode | Date last seen | Price effective from | Koha item type |
|---|---|---|---|---|---|---|---|---|---|---|---|---|---|---|---|---|
| Central Library (CL) | Central Library (CL) | First Floor - Data Communication/Network/Architecture | 03/22/2013 | Progressive International Agencies | 3347.40 | 004.682 COV | SEECS012120 | 03/26/2013 | 03/26/2013 | Book |
